000 00436nam a2200145Ia 4500
008 100122s9999 xx 000 0 und d
082 _b31289
_a823
100 _aढसाळ नामदेव
245 _aहाडकी हाडवळ
260 _bअस्मिता प्रकाशन
_c1981
300 _a126
630 _aहाडकी हाडवळ
730 _aहाडकी हाडवळ
942 _cBOOK
999 _c415932
_d415929